000 00499nam a2200193Ia 4500
008 240510s9999 xx 000 0 und d
020 _a0000471245771
041 _aEng
082 _a005.276
082 _bC31
100 _aCHANG D. : HARKEY D.
245 0 _aCLIENT SERVER DATA ACCESS WITH JAVA AND XML :( With CD)
260 _bNEW YORK : JOHN WILEY
260 _c1998
300 _a606 p.
650 _aCLIENT/SERVER COMPUTING : PROGRAMMING : JAVA: XML
942 _2ddc
942 _cRBK
999 _c25437
_d25437
945 _a1
_bMadushi Gamage
_c1
_dMadushi Gamage